<?xml version="1.0" encoding="UTF-8"?>
<collection xmlns="http://www.loc.gov/MARC21/slim">
    <record>
        <controlfield tag="001">30446</controlfield>
        <controlfield tag="005">20150707100941.0</controlfield>
        <datafield tag="037" ind1=" " ind2=" ">
            <subfield code="a">NORMAS-2014-204</subfield>
        </datafield>
        <datafield tag="245" ind1=" " ind2=" ">
            <subfield code="a">Registro general de la Universidad</subfield>
        </datafield>
        <datafield tag="260" ind1=" " ind2=" ">
            <subfield code="a">Zaragoza</subfield>
            <subfield code="b">Consejo de Gobierno de la Universidad de Zaragoza</subfield>
            <subfield code="c">2003-12-17</subfield>
        </datafield>
        <datafield tag="650" ind1=" " ind2=" ">
            <subfield code="a">Registro</subfield>
        </datafield>
        <datafield tag="650" ind1=" " ind2=" ">
            <subfield code="a">Servicios </subfield>
        </datafield>
        <datafield tag="653" ind1="1" ind2=" ">
            <subfield code="a">Servicios y otras estructuras</subfield>
        </datafield>
        <datafield tag="653" ind1="1" ind2=" ">
            <subfield code="a">Servicios universitarios</subfield>
        </datafield>
        <datafield tag="700" ind1=" " ind2=" ">
            <subfield code="a">Consejo de Gobierno de la Universidad de Zaragoza</subfield>
        </datafield>
        <datafield tag="856" ind1="0" ind2=" ">
            <subfield code="f">secregen@unizar.es</subfield>
        </datafield>
        <datafield tag="856" ind1="4" ind2=" ">
            <subfield code="s">66468</subfield>
            <subfield code="u">http://zaguan.unizar.es/record/30446/files/norma_RegistroGeneral_2003_original.pdf</subfield>
            <subfield code="y">Normativa</subfield>
            <subfield code="z">1</subfield>
        </datafield>
        <datafield tag="910" ind1=" " ind2=" ">
            <subfield code="a">BOA 36  26/03/2004</subfield>
        </datafield>
        <datafield tag="920" ind1=" " ind2=" ">
            <subfield code="a">BOUZ  24 23/12/2003</subfield>
        </datafield>
        <datafield tag="980" ind1=" " ind2=" ">
            <subfield code="a">NORMAS</subfield>
        </datafield>
    </record>

    
</collection>